<?xml version="1.0" encoding="UTF-8"?><?xml-stylesheet type="text/xsl" href="static/style.xsl"?><OAI-PMH xmlns="http://www.openarchives.org/OAI/2.0/" xmlns:xsi="http://www.w3.org/2001/XMLSchema-instance" xsi:schemaLocation="http://www.openarchives.org/OAI/2.0/ http://www.openarchives.org/OAI/2.0/OAI-PMH.xsd"><responseDate>2026-04-30T19:46:25Z</responseDate><request verb="GetRecord" identifier="oai:repisalud.isciii.es:20.500.12105/13278" metadataPrefix="marc">https://repisalud.isciii.es/rest/oai/request</request><GetRecord><record><header><identifier>oai:repisalud.isciii.es:20.500.12105/13278</identifier><datestamp>2024-10-17T14:43:56Z</datestamp><setSpec>com_20.500.12105_25181</setSpec><setSpec>com_20.500.12105_6723</setSpec><setSpec>com_20.500.12105_2337</setSpec><setSpec>com_20.500.12105_2336</setSpec><setSpec>col_20.500.12105_25184</setSpec></header><metadata><record xmlns="http://www.loc.gov/MARC21/slim" xmlns:dcterms="http://purl.org/dc/terms/" xmlns:doc="http://www.lyncode.com/xoai" xmlns:xsi="http://www.w3.org/2001/XMLSchema-instance" xsi:schemaLocation="http://www.loc.gov/MARC21/slim http://www.loc.gov/standards/marcxml/schema/MARC21slim.xsd">
   <leader>00925njm 22002777a 4500</leader>
   <datafield ind2=" " ind1=" " tag="042">
      <subfield code="a">dc</subfield>
   </datafield>
   <datafield ind2=" " ind1=" " tag="720">
      <subfield code="a">Marín, Marta</subfield>
      <subfield code="e">author</subfield>
   </datafield>
   <datafield ind2=" " ind1=" " tag="260">
      <subfield code="c">2021-07-02</subfield>
   </datafield>
   <datafield ind2=" " ind1=" " tag="520">
      <subfield code="a">Research Infrastructures.Research Infrastructures in biomedical Sciences.Research Infrastructures in Spain.Relevance of Ris and personalised medicine in Horizon Europe.Eatris, European Infrastructure for translational medicine.Eatris in the Personalised Medicine Landscape. Challenges in the implementation of Personalised Medicine</subfield>
   </datafield>
   <datafield ind1="8" ind2=" " tag="024">
      <subfield code="a">Infraestructuras Europeas de Investigación en Salud en el ámbito de la Medicina de Precisión .Medicina de precisión: Ciencia y Tecnología al servicio de la transformación del sistema sanitario.UIMP.2021</subfield>
   </datafield>
   <datafield ind1="8" ind2=" " tag="024">
      <subfield code="a">http://hdl.handle.net/20.500.12105/13278</subfield>
   </datafield>
   <datafield tag="653" ind2=" " ind1=" ">
      <subfield code="a">Medicina de precisión</subfield>
   </datafield>
   <datafield tag="653" ind2=" " ind1=" ">
      <subfield code="a">Ciencia y tecnología</subfield>
   </datafield>
   <datafield tag="653" ind2=" " ind1=" ">
      <subfield code="a">Transformación</subfield>
   </datafield>
   <datafield tag="653" ind2=" " ind1=" ">
      <subfield code="a">Sistema sanitario</subfield>
   </datafield>
   <datafield tag="653" ind2=" " ind1=" ">
      <subfield code="a">European Research</subfield>
   </datafield>
   <datafield ind2="0" ind1="0" tag="245">
      <subfield code="a">Infraestructuras Europeas de Investigación en Salud en el ámbito de la Medicina de Precisión.</subfield>
   </datafield>
</record></metadata></record></GetRecord></OAI-PMH>